Widok standardowy
Widok MARC
Pozycja Corporate Name
Liczba rekordów, w których użyto hasła: 1
001 - Numer kontrolny
- control field: 40472
003 - Identyfikator numeru kontrolnego
- control field: NUKAT
005 - Data i czas ostatniej modyfikacji
- control field: 20260424124016.0
008 - Dane kontrolne kodowane (40 znaków)
- fixed length control field: 200916n||aaznnbabn |a ana |c
010 ## - Numer kontrolny Biblioteki Kongresu
- numer kontrolny LC: sx2019753426
040 ## - Instytucja sporządzająca rekord
- inst. przygot. dane do rek. khw: KAT U/DL
- język haseł przedmiotowych/tezaurus: kaba
- inst. wprow. rek. khw: KAT U/DL
110 1# - Hasło - nazwa ciała zbiorowego
- nazwa ciała zbior. lub geogr. na pocz.: Polska.
- nazwa jednostki podrzędnej: Armia Krajowa.
- nazwa jednostki podrzędnej: 3 Brygada "Szczerbca"
- określnik formy: relacje osobiste.